00726 a2200193 4500001000700000020001800007040003200025100002000057245004600077250001100123260001600134300002700150362000900177520026500186650002400451650001600475650001700491650002400508125457 a9788516019426 cEscola Canadense de Niteroi aPorto, Cristina10aArroz E Feijão: Em Qualquer Estação a1. ed. aSão Paulo bil.c4 x 19.6 x 0.4 cm0 a1998 aO leitor vai se divertir e aprender com este livro de Cristina Porto. Em cada página uma novidade, em cada página uma atividade para ler, identificar, descobrir, completar... A criança vai se encantar com a história dos cachorrinhos Arroz e Feijão.  4aLiteratura Infantil 4aAprendizado 4aBrincadeiras 4aEstações do ano